| 000 | 00875nam0a22002531 4500 | ||
|---|---|---|---|
| 001 | v19\rc\2105452 | ||
| 005 | 20250620050918.0 | ||
| 035 | _a(NLR Aleph) 005185121 | ||
| 090 |
_a5159068 _c5159068 |
||
| 100 | _a20090914d1804 |||y0rusy50 ca | ||
| 101 | 1 |
_arus _cfre |
|
| 102 | _aRU | ||
| 105 | _ay z ||||| | ||
| 200 | 1 |
_aМои мысли о воспитании и учении благородного юношества _f[Пер. с фр. С. Смирнов] |
|
| 210 |
_aМосква _cв типографии П. Бекетова _d1804 |
||
| 215 |
_a[4], 103 с. _d20 |
||
| 300 | _aВ конце посвящения переводчик: С.С. | ||
| 702 | 1 |
_aСмирнов _bС.И. _gСтепан Иванович _4730 |
|
| 790 | 0 | _aС.С. | |
| 801 | 0 |
_aRU _bNLR _gpsbo |
|
| 801 | 1 |
_aRU _bProSoft-M _2rusmarc |
|
| 852 |
_aNLR _j18.107.8.160 |
||
| 942 | _cBOOK | ||
| 980 | _aNB | ||